<?xml version="1.0" encoding="UTF-8"?>
<record
    xmlns:xsi="http://www.w3.org/2001/XMLSchema-instance"
    xsi:schemaLocation="http://www.loc.gov/MARC21/slim http://www.loc.gov/standards/marcxml/schema/MARC21slim.xsd"
    xmlns="http://www.loc.gov/MARC21/slim">

  <leader>01403nam a2200289 a 4500</leader>
  <controlfield tag="003">DO-SdBNP</controlfield>
  <controlfield tag="005">20250527113226.0</controlfield>
  <controlfield tag="007">ta</controlfield>
  <controlfield tag="008">220210e1963    mx ||||fr|||| 001 0 spa d</controlfield>
  <datafield tag="040" ind1=" " ind2=" ">
    <subfield code="a">DO-SdBNP</subfield>
    <subfield code="b">spa</subfield>
    <subfield code="c">BNPHU</subfield>
  </datafield>
  <datafield tag="082" ind1=" " ind2="4">
    <subfield code="2">22</subfield>
    <subfield code="b">G633c 1963</subfield>
  </datafield>
  <datafield tag="245" ind1="1" ind2="3">
    <subfield code="a">El control interno en los negocios /</subfield>
    <subfield code="c">G&#xF3;mez Morf&#xED;n, Joaqu&#xED;n</subfield>
  </datafield>
  <datafield tag="250" ind1=" " ind2=" ">
    <subfield code="a">4ta. ed</subfield>
  </datafield>
  <datafield tag="260" ind1=" " ind2=" ">
    <subfield code="a">M&#xE9;xico, D. F. :</subfield>
    <subfield code="b">Fondo de Cultura Econ&#xF3;mica,</subfield>
    <subfield code="c">1963</subfield>
  </datafield>
  <datafield tag="300" ind1=" " ind2=" ">
    <subfield code="a">180 p. ;</subfield>
    <subfield code="c">24 cm.</subfield>
  </datafield>
  <datafield tag="500" ind1=" " ind2=" ">
    <subfield code="a">Incluye ap&#xE9;ndice, p. 159- 180</subfield>
  </datafield>
  <datafield tag="505" ind1=" " ind2=" ">
    <subfield code="a">Primera parte.</subfield>
  </datafield>
  <datafield tag="505" ind1=" " ind2=" ">
    <subfield code="a">Introducci&#xF3;n.</subfield>
    <subfield code="t">I. Concepto del control interno.--</subfield>
    <subfield code="t">II. Bases del control interno.--</subfield>
    <subfield code="t">III. Elementos constitutivos del control interno. / La contabilidad.--  </subfield>
    <subfield code="t">IV. Elementos constitutivos del control interno. /  Los presupuestos.--</subfield>
    <subfield code="t">IV. Elementos constitutivos del control interno. /  El personal.--</subfield>
    <subfield code="t">VI. Necesidad de la vigilancia del control interno.</subfield>
  </datafield>
  <datafield tag="505" ind1=" " ind2=" ">
    <subfield code="a">Segunda parte.</subfield>
  </datafield>
  <datafield tag="505" ind1=" " ind2=" ">
    <subfield code="a">Aplicaci&#xF3;n del control interno a las transacione en los negocios.</subfield>
    <subfield code="t">VII. Caja en general.-- </subfield>
    <subfield code="t">VIII. Entradas a Caja.-- </subfield>
    <subfield code="t">IX. Salidas a caja.--</subfield>
    <subfield code="t">X. Ventas a cr&#xE9;dito.--</subfield>
    <subfield code="t">XI. Compras.--</subfield>
    <subfield code="t">XII. Inventarios de mercanc&#xED;as.--</subfield>
    <subfield code="t">Ap&#xE9;ndices.</subfield>
  </datafield>
  <datafield tag="590" ind1=" " ind2=" ">
    <subfield code="a">Inventariado 2022 / MF</subfield>
  </datafield>
  <datafield tag="650" ind1=" " ind2="0">
    <subfield code="a">Administraci&#xF3;n industrial</subfield>
    <subfield code="9">5872</subfield>
  </datafield>
  <datafield tag="650" ind1=" " ind2="0">
    <subfield code="9">27564</subfield>
    <subfield code="a">Gesti&#xF3;n de Negocios.</subfield>
  </datafield>
  <datafield tag="650" ind1=" " ind2="0">
    <subfield code="9">65499</subfield>
    <subfield code="a">Empresas</subfield>
    <subfield code="x">Contabilidad</subfield>
    <subfield code="y">1963</subfield>
  </datafield>
  <datafield tag="910" ind1=" " ind2=" ">
    <subfield code="a">MF</subfield>
  </datafield>
  <datafield tag="942" ind1=" " ind2=" ">
    <subfield code="2">ddc</subfield>
    <subfield code="c">LBS1</subfield>
  </datafield>
  <datafield tag="952" ind1=" " ind2=" ">
    <subfield code="0">0</subfield>
    <subfield code="1">0</subfield>
    <subfield code="2">ddc</subfield>
    <subfield code="5">1</subfield>
    <subfield code="7">0</subfield>
    <subfield code="8">R-GR-RV</subfield>
    <subfield code="a">BNPHU</subfield>
    <subfield code="b">BNPHU</subfield>
    <subfield code="c">HD</subfield>
    <subfield code="e">Donado por Santiago de la Rosa</subfield>
    <subfield code="l">0</subfield>
    <subfield code="o">G633c 1963</subfield>
    <subfield code="p">2022-0747</subfield>
    <subfield code="r">2022-02-10</subfield>
    <subfield code="w">2022-02-10</subfield>
    <subfield code="y">LBS1</subfield>
  </datafield>
  <datafield tag="999" ind1=" " ind2=" ">
    <subfield code="c">51411</subfield>
    <subfield code="d">51411</subfield>
  </datafield>
</record>
